[Event "Superbet Rapid 2023"]
[Site "Warsaw POL"]
[Date "2023.05.22"]
[Round "5.1"]
[White "Duda, Jan-Krzysztof"]
[Black "Wojtaszek, Radoslaw"]
[Result "1-0"]
[WhiteTitle "GM"]
[BlackTitle "GM"]
[WhiteElo "2724"]
[BlackElo "2670"]
[WhiteFideId "1170546"]
[BlackFideId "1118358"]
[EventDate "2023.05.21"]

1. d4 Nf6 2. c4 e6 3. Nc3 Bb4 4. e3 O-O 5. Bd3 d5 6. cxd5 exd5 7. a3 Bd6 8. Qc2
Na6 9. Nf3 Re8 10. b4 c6 11. Ne5 Bxe5 12. dxe5 Rxe5 13. Bb2 Bg4 14. h3 Bh5 15.
Ne2 Re8 16. Bxa6 bxa6 17. Nf4 Bg6 18. Qxc6 d4 19. Rd1 Rc8 20. Qxa6 Qc7 21. Rxd4
Qc2 22. Qe2 Ne4 23. Rd1 Qb3 24. O-O Rc2 25. Qb5 Rf8 26. Bd4 Rxf2 27. Rxf2 Qxd1+
28. Rf1 Qc2 29. Nxg6 hxg6 30. Qe5 f6 31. Qd5+ Kh7 32. Kh2 g5 33. Qd7 Kh6 34. Rf5
Rc8 35. Rc5 Rxc5 36. bxc5 Qf2 37. Qg4 Nd2 38. h4 gxh4 39. Qf4+ Qxf4+ 40. exf4
Ne4 41. c6 a6 42. Bc5 1-0

[Event "Superbet Rapid 2023"]
[Site "Warsaw POL"]
[Date "2023.05.22"]
[Round "5.2"]
[White "Vachier-Lagrave, Maxime"]
[Black "Rapport, Richard"]
[Result "1/2-1/2"]
[WhiteTitle "GM"]
[BlackTitle "GM"]
[WhiteElo "2742"]
[BlackElo "2745"]
[WhiteFideId "623539"]
[BlackFideId "738590"]
[EventDate "2023.05.21"]

1. e4 e6 2. d4 d5 3. Nc3 Bb4 4. e5 c5 5. a3 Bxc3+ 6. bxc3 Nc6 7. Qg4 g6 8. h4 h6
9. Qd1 Qa5 10. Bd2 Bd7 11. Nf3 c4 12. a4 O-O-O 13. g3 f6 14. Qe2 Rf8 15. Bg2
Nge7 16. O-O fxe5 17. Nxe5 Nxe5 18. Qxe5 g5 19. hxg5 Nc6 20. Qe1 hxg5 21. Bxg5
Kb8 22. Qe3 Ka8 23. f4 Be8 24. Ra3 Bf7 25. Rb1 Re8 26. Rb5 Qc7 27. Ra1 Bg6 28.
Rab1 Qh7 29. Bh4 Bxc2 30. Rxb7 Qd3 31. Qe1 Bxb1 32. Rxb1 Qf5 33. Rb5 a6 34. Rc5
Rb8 35. Kh2 Rb1 36. Qe2 Rxh4+ 37. gxh4 Qxf4+ 38. Kh3 Nxd4 39. Qxc4 Qf5+ 40. Kh2
Qe5+ 41. Kh3 Qf5+ 42. Kh2 Qe5+ 43. Kh3 Qf5+ 1/2-1/2

[Event "Superbet Rapid 2023"]
[Site "Warsaw POL"]
[Date "2023.05.22"]
[Round "5.3"]
[White "Aronian, Levon"]
[Black "Carlsen, Magnus"]
[Result "1/2-1/2"]
[WhiteTitle "GM"]
[BlackTitle "GM"]
[WhiteElo "2745"]
[BlackElo "2853"]
[WhiteFideId "13300474"]
[BlackFideId "1503014"]
[EventDate "2023.05.21"]

1. e4 c5 2. Nf3 e6 3. c3 Nf6 4. e5 Nd5 5. d4 cxd4 6. Bc4 Nb6 7. Bb3 d6 8. cxd4
dxe5 9. Nxe5 Nc6 10. Nxc6 bxc6 11. O-O Be7 12. Nc3 O-O 13. Bf4 Ba6 14. Re1 Bc4
15. Bc2 Bf6 16. Ne4 Bxd4 17. Bd6 c5 18. Bxf8 Qxf8 19. Qh5 h6 20. Rad1 Bxb2 21.
Qxc5 Qxc5 22. Nxc5 Bxa2 23. Be4 Bd5 24. Rb1 Bd4 25. Na6 Bxe4 26. Rxe4 Rd8 27. g3
Bf6 28. Re2 Nd5 29. Rb8 Rxb8 30. Nxb8 Nc3 31. Rb2 Bd4 32. Kg2 g5 33. Rc2 Nd5 34.
Nc6 Bb6 35. Ra2 Nc3 36. Ra1 Nb5 37. Rb1 Nc3 38. Ra1 Nb5 39. Rb1 Nc3 40. Ra1 1/2-1/2

[Event "Superbet Rapid 2023"]
[Site "Warsaw POL"]
[Date "2023.05.22"]
[Round "5.4"]
[White "Giri, Anish"]
[Black "Deac, Bogdan-Daniel"]
[Result "0-1"]
[WhiteTitle "GM"]
[BlackTitle "GM"]
[WhiteElo "2768"]
[BlackElo "2700"]
[WhiteFideId "24116068"]
[BlackFideId "1226380"]
[EventDate "2023.05.21"]

1. d4 Nf6 2. Bf4 d6 3. Nc3 Nbd7 4. Nf3 c6 5. e4 Qa5 6. e5 Ne4 7. exd6 e6 8. Bd3
Bxd6 9. Bxd6 Nxd6 10. O-O O-O 11. Re1 Nf6 12. Ne5 Qb6 13. Na4 Qc7 14. c4 Rd8 15.
Qf3 Nf5 16. Bxf5 exf5 17. Rad1 Ne4 18. Qe3 Qa5 19. b3 Qc7 20. f3 Nf6 21. Nd3 Bd7
22. Qe5 Rac8 23. Ndc5 b6 24. Nd3 Be6 25. Nf4 Qxe5 26. Rxe5 Bd7 27. Nc3 Kf8 28.
h4 g6 29. Kf2 Ne8 30. a4 Nc7 31. a5 b5 32. c5 b4 33. Na2 Rb8 34. Rc1 Be6 35.
Nxe6+ Nxe6 36. d5 Rxd5 37. Rxd5 cxd5 38. c6 Nc7 39. Rd1 Rb5 40. h5 Ke7 41. h6
Kd6 42. Re1 Ne6 43. Nc1 Kxc6 44. Nd3 Kd6 45. Ne5 Nd8 46. Nd3 Ne6 47. Ne5 Rb7 48.
a6 Rc7 49. Nd3 Rc3 50. Ne5 f6 51. Nf7+ Kd7 52. g4 fxg4 53. fxg4 g5 0-1

[Event "Superbet Rapid 2023"]
[Site "Warsaw POL"]
[Date "2023.05.22"]
[Round "5.5"]
[White "So, Wesley"]
[Black "Shevchenko, Kirill"]
[Result "1-0"]
[WhiteTitle "GM"]
[BlackTitle "GM"]
[WhiteElo "2760"]
[BlackElo "2684"]
[WhiteFideId "5202213"]
[BlackFideId "14129574"]
[EventDate "2023.05.21"]

1. e4 c5 2. Nf3 d6 3. Bb5+ Nd7 4. d4 cxd4 5. Qxd4 a6 6. Be2 Ngf6 7. O-O e5 8.
Qe3 Nc5 9. Nc3 Ng4 10. Qd2 Nf6 11. Rd1 Be7 12. Qe1 Qc7 13. Nd2 b5 14. b4 Ne6 15.
Nb3 Bb7 16. Nd5 Nxd5 17. exd5 Nf4 18. Bxf4 exf4 19. Rac1 O-O 20. c4 bxc4 21.
Rxc4 Qb6 22. Rxf4 Rfe8 23. Re4 Bf6 24. Bd3 Kf8 25. Bf1 g6 26. Na5 Rac8 27. a3
Rxe4 28. Qxe4 Rc3 29. Qf4 Be5 30. Qh6+ Bg7 31. Qxh7 Rc2 32. Qh4 g5 33. Qxg5
Qxf2+ 34. Kh1 Bd4 35. Bd3 Be3 36. Qg3 Qxg3 37. hxg3 Rc7 38. Bf5 Ba8 39. g4 Kg7
40. Be4 Rc8 41. g3 Rc3 42. Kh2 Rxa3 43. Nc4 Rb3 44. Nxd6 Rxb4 45. Rf1 Kg8 46.
Bg2 Rxg4 47. Re1 Bc5 48. Re8+ Kh7 49. Ne4 1-0

[Event "Superbet Rapid 2023"]
[Site "Warsaw POL"]
[Date "2023.05.22"]
[Round "6.1"]
[White "Carlsen, Magnus"]
[Black "Giri, Anish"]
[Result "1/2-1/2"]
[WhiteTitle "GM"]
[BlackTitle "GM"]
[WhiteElo "2853"]
[BlackElo "2768"]
[WhiteFideId "1503014"]
[BlackFideId "24116068"]
[EventDate "2023.05.21"]

1. b3 d5 2. Nf3 Bf5 3. Ba3 Nd7 4. c4 e6 5. Bxf8 Nxf8 6. d3 Nf6 7. g3 h6 8. Bg2
N8d7 9. O-O O-O 10. Qc1 c6 11. Qb2 Re8 12. Nbd2 e5 13. cxd5 cxd5 14. Rac1 Qb6
15. h3 Qe6 16. Kh2 Qd6 17. Rfd1 Bh7 18. Nf1 b5 19. Rd2 b4 20. Rdc2 e4 21. Rc6
Qe7 22. Ne1 Ne5 23. Rc7 Qd6 24. d4 Nc4 25. R7xc4 dxc4 26. bxc4 Rad8 27. Nc2 a5
28. Nfe3 h5 29. Kg1 h4 30. g4 Bg6 31. Qb3 Qa6 32. a3 bxa3 33. Qxa3 Rb8 34. Ra1
Ra8 35. Bf1 a4 36. d5 Qb6 37. c5 Qb3 38. Nd4 Qxa3 39. Rxa3 Ra5 40. c6 Nxd5 41.
Nxd5 Rxd5 42. Rxa4 e3 43. fxe3 Rc5 44. Ra3 Be4 45. Bg2 Rc1+ 46. Kf2 Bxg2 47.
Kxg2 g6 48. Kf2 Kg7 49. Ra5 Rc3 50. Rd5 Rexe3 51. Nb5 Rxh3 52. c7 Rc2 53. g5
Rh2+ 54. Kf3 Rhxe2 55. c8=Q Rf2+ 56. Ke3 Rfe2+ 57. Kf3 Rf2+ 58. Ke3 Rfe2+ 59.
Kf3 1/2-1/2

[Event "Superbet Rapid 2023"]
[Site "Warsaw POL"]
[Date "2023.05.22"]
[Round "6.2"]
[White "Rapport, Richard"]
[Black "Aronian, Levon"]
[Result "1/2-1/2"]
[WhiteTitle "GM"]
[BlackTitle "GM"]
[WhiteElo "2745"]
[BlackElo "2745"]
[WhiteFideId "738590"]
[BlackFideId "13300474"]
[EventDate "2023.05.21"]

1. e4 e5 2. Nc3 Nf6 3. f4 d5 4. fxe5 Nxe4 5. Qf3 Nc6 6. Bb5 Nxc3 7. dxc3 Qh4+ 8.
g3 Qe4+ 9. Qxe4 dxe4 10. Ne2 Bd7 11. Bxc6 Bxc6 12. Be3 b6 13. O-O-O Be7 14. Nd4
Bd7 15. Rhf1 g6 16. Bh6 Rg8 17. Be3 c5 18. Nb3 Rd8 19. Nd2 Bg4 20. Rde1 Rd5 21.
Bf4 Bh3 22. Rg1 g5 23. c4 Rd8 24. Be3 Bf5 25. g4 Bg6 26. Bf2 Kd7 27. Nxe4 Kc6
28. Nc3 Rge8 29. Nd5 Bf8 30. h4 gxh4 31. Bxh4 Rb8 32. a4 a6 33. Rgf1 b5 34. Nf4
Bh6 35. g5 Bg7 36. Nxg6 fxg6 37. axb5+ axb5 38. cxb5+ Rxb5 39. Bg3 c4 40. Rf4 c3
41. Rc4+ Rc5 42. Rxc5+ Kxc5 43. b3 Bf8 44. Re3 Kd4 45. Bf2 Ba3+ 46. Kd1 Rxe5 47.
Rd3+ Ke4 48. Rxc3 Rxg5 49. Ke2 Re5 50. Re3+ Kf5 51. Rxe5+ Kxe5 52. Kf3 h5 53.
Be3 Be7 54. c4 g5 55. Bxg5 Bxg5 56. b4 Be7 57. b5 Bc5 58. Kg3 Kd4 59. Kh4 Kxc4
60. Kxh5 Kxb5 1/2-1/2

[Event "Superbet Rapid 2023"]
[Site "Warsaw POL"]
[Date "2023.05.22"]
[Round "6.3"]
[White "Wojtaszek, Radoslaw"]
[Black "Vachier-Lagrave, Maxime"]
[Result "1/2-1/2"]
[WhiteTitle "GM"]
[BlackTitle "GM"]
[WhiteElo "2670"]
[BlackElo "2742"]
[WhiteFideId "1118358"]
[BlackFideId "623539"]
[EventDate "2023.05.21"]

1. Nf3 d5 2. d4 Nf6 3. c4 dxc4 4. e3 e6 5. Bxc4 a6 6. O-O c5 7. dxc5 Bxc5 8.
Qxd8+ Kxd8 9. Be2 Ke7 10. Nbd2 Bd7 11. b3 Bb5 12. Nc4 Nbd7 13. Bb2 Rhd8 14. Rfc1
Rac8 15. a4 Bxc4 16. Rxc4 Bd6 17. Kf1 g6 18. Rac1 Rxc4 19. Bxc4 Rc8 20. Ke2 Bb4
21. Ne1 Nb6 22. Bd3 Rxc1 23. Bxc1 Nbd5 24. Nc2 Bd6 25. Bd2 Nd7 26. b4 Ne5 27. g3
f5 28. e4 Nxd3 29. Kxd3 fxe4+ 30. Kxe4 Kd7 31. f3 Nb6 32. a5 Nd5 33. Kd3 h5 34.
Kc4 h4 35. gxh4 Bxh2 36. Be1 b5+ 37. axb6 Nxb6+ 38. Kd4 Bd6 39. Ne3 Kc6 40. Nc4
Nxc4 41. Kxc4 Be5 42. Bf2 Bd6 43. Be1 Be5 44. Bf2 Bd6 45. Be1 Be5 1/2-1/2

[Event "Superbet Rapid 2023"]
[Site "Warsaw POL"]
[Date "2023.05.22"]
[Round "6.4"]
[White "Shevchenko, Kirill"]
[Black "Deac, Bogdan-Daniel"]
[Result "1/2-1/2"]
[WhiteTitle "GM"]
[BlackTitle "GM"]
[WhiteElo "2684"]
[BlackElo "2700"]
[WhiteFideId "14129574"]
[BlackFideId "1226380"]
[EventDate "2023.05.21"]

1. c4 Nf6 2. Nc3 e5 3. Nf3 Nc6 4. d3 d5 5. cxd5 Nxd5 6. e4 Nf6 7. Be2 Bc5 8. Be3
Bb6 9. h3 O-O 10. O-O Re8 11. Rc1 h6 12. a3 a6 13. Na4 Bxe3 14. fxe3 Qd6 15. Rf2
b6 16. Qc2 Bd7 17. Nd2 Rac8 18. Rcf1 Be6 19. Rc1 Bd7 20. Nc4 Qe7 21. Nc3 Nh7 22.
b4 Qd8 23. Nd2 Ne7 24. Qb2 Ng6 25. Kh2 Be6 26. a4 Qg5 27. Rf3 Qd8 28. a5 Ng5 29.
Rf2 bxa5 30. bxa5 Rb8 31. Qa3 Qd6 32. Qxd6 cxd6 33. d4 Rb2 34. Bf1 exd4 35. exd4
Rc8 36. Kg1 Rb4 37. Bxa6 Ra8 38. Bf1 Rxa5 39. d5 Bd7 40. Nc4 Rc5 41. Nxd6 Nxe4
42. Ndxe4 Rxe4 43. Nxe4 Rxc1 44. Rb2 f5 45. Nd6 Kf8 46. Kf2 Ne5 47. Rb7 Rd1 48.
Nc4 Nxc4 49. Bxc4 Ke7 50. Bb3 Rd4 51. Rb6 f4 52. h4 Bf5 53. h5 Bg4 54. Rb7+ Kf6
55. Rb6+ Ke7 56. Rg6 Bxh5 57. Rxg7+ Kf6 58. Rc7 Bf7 59. Rc6+ Ke5 60. Rxh6 Bxd5
61. Rh5+ Kd6 62. Bxd5 Rxd5 63. Rxd5+ Kxd5 64. g3 fxg3+ 65. Kxg3 Ke5 1/2-1/2

[Event "Superbet Rapid 2023"]
[Site "Warsaw POL"]
[Date "2023.05.22"]
[Round "6.5"]
[White "So, Wesley"]
[Black "Duda, Jan-Krzysztof"]
[Result "1/2-1/2"]
[WhiteTitle "GM"]
[BlackTitle "GM"]
[WhiteElo "2760"]
[BlackElo "2724"]
[WhiteFideId "5202213"]
[BlackFideId "1170546"]
[EventDate "2023.05.21"]

1. e4 e5 2. Nf3 Nf6 3. Nxe5 d6 4. Nf3 Nxe4 5. d4 d5 6. Bd3 Bf5 7. O-O Be7 8. Re1
O-O 9. Nbd2 Nd6 10. Nf1 c6 11. Bf4 Bxd3 12. Qxd3 Na6 13. Ne3 Nc7 14. b3 Re8 15.
c4 Bf8 16. h4 h5 17. Ng5 g6 18. g4 Ne6 19. Nxe6 Rxe6 20. cxd5 cxd5 21. Nxd5 Qxh4
22. Rxe6 Qxg4+ 23. Kf1 Qxe6 24. Nc7 Qc8 25. Nxa8 Qxa8 26. d5 Qd8 27. Rd1 Qh4 28.
Qf3 Qf6 29. Qe3 Nf5 30. Qe4 Qh4 31. Qf3 Qf6 32. Bh2 Bd6 33. Bxd6 Qxd6 34. Qc3
Qe7 35. d6 Qd7 36. Qc7 Qb5+ 37. Kg1 Qe2 38. d7 Qg4+ 39. Kh2 Qh4+ 40. Kg2 Qe4+
41. Kh2 Qh4+ 42. Kg2 Qe4+ 43. Kf1 Ne3+ 44. fxe3 Qf3+ 45. Kg1 Qxe3+ 46. Kg2 Qe2+
47. Kg3 Qe3+ 48. Kh4 Qe7+ 49. Kh3 Qe6+ 50. Kh2 Qe2+ 51. Kg1 Qxd1+ 52. Kf2 Qd2+
53. Kf3 Qd3+ 54. Kf4 Qd4+ 55. Kg3 Qe3+ 56. Kg2 Qe2+ 57. Kg1 1/2-1/2

[Event "Superbet Rapid 2023"]
[Site "Warsaw POL"]
[Date "2023.05.23"]
[Round "7.1"]
[White "Vachier-Lagrave, Maxime"]
[Black "So, Wesley"]
[Result "1-0"]
[WhiteTitle "GM"]
[BlackTitle "GM"]
[WhiteElo "2742"]
[BlackElo "2760"]
[WhiteFideId "623539"]
[BlackFideId "5202213"]
[EventDate "2023.05.21"]

1. e4 e5 2. Nf3 Nf6 3. Nxe5 d6 4. Nf3 Nxe4 5. d4 d5 6. Bd3 Bf5 7. O-O Be7 8. c4
dxc4 9. Bxc4 O-O 10. Re1 Nd6 11. Bd5 Nd7 12. Nc3 Nb6 13. Bb3 Bf6 14. Ne5 Re8 15.
Bf4 Be6 16. d5 Bf5 17. Qf3 a5 18. a3 g6 19. h3 Nd7 20. Nc4 Nxc4 21. Bxc4 Ne5 22.
Bxe5 Rxe5 23. g4 Bd7 24. Ne4 Kg7 25. d6 cxd6 26. g5 Rxg5+ 27. Nxg5 Bxg5 28.
Qxf7+ Kh6 29. Rad1 Bxh3 30. Be6 Bxe6 31. Rxe6 Rc8 32. Rdxd6 Qg8 33. Qxg8 Rxg8
34. Rb6 Rc8 35. Rxb7 Rc2 36. Kf1 Bh4 37. Re2 Rc1+ 38. Kg2 1-0

[Event "Superbet Rapid 2023"]
[Site "Warsaw POL"]
[Date "2023.05.23"]
[Round "7.2"]
[White "Aronian, Levon"]
[Black "Wojtaszek, Radoslaw"]
[Result "1-0"]
[WhiteTitle "GM"]
[BlackTitle "GM"]
[WhiteElo "2745"]
[BlackElo "2670"]
[WhiteFideId "13300474"]
[BlackFideId "1118358"]
[EventDate "2023.05.21"]

1. e4 c5 2. Nf3 d6 3. Nc3 Nf6 4. Be2 Nc6 5. d4 cxd4 6. Nxd4 e5 7. Nb3 Be7 8. O-O
O-O 9. Re1 a5 10. a4 Nb4 11. Bf3 Be6 12. Nb5 Rc8 13. c3 Nd3 14. Qxd3 Bxb3 15.
Bg5 Rc6 16. Rec1 Bc4 17. Qd1 Nd7 18. Be3 Nc5 19. Bxc5 Rxc5 20. Be2 Be6 21. Bg4
Bg5 22. Rcb1 d5 23. Bxe6 fxe6 24. Qe2 Qb6 25. Rf1 dxe4 26. Qxe4 Rd5 27. Rae1 Rf4
28. Qc2 Qc5 29. Re2 Bd8 30. g3 Rf5 31. Qe4 Bb6 32. Na3 Ba7 33. Nc4 Qc6 34. Nd2
h6 35. Nf3 Qc7 36. Kg2 Qb6 37. c4 Rc5 38. Rd1 Rc8 39. Rd7 Rcf8 40. Qg4 R5f7 41.
Rxf7 Rxf7 42. Qe4 Rf5 43. Rd2 Qc7 44. Nh4 Rf6 45. Ng6 Bd4 46. f4 Rxg6 47. Qxg6
Qc6+ 48. Kh3 Qxc4 49. Rc2 Qf1+ 50. Kh4 1-0

[Event "Superbet Rapid 2023"]
[Site "Warsaw POL"]
[Date "2023.05.23"]
[Round "7.3"]
[White "Duda, Jan-Krzysztof"]
[Black "Shevchenko, Kirill"]
[Result "1/2-1/2"]
[WhiteTitle "GM"]
[BlackTitle "GM"]
[WhiteElo "2724"]
[BlackElo "2684"]
[WhiteFideId "1170546"]
[BlackFideId "14129574"]
[EventDate "2023.05.21"]

1. d4 Nf6 2. c4 g6 3. Nc3 Bg7 4. e4 d6 5. Nf3 O-O 6. Be2 e5 7. O-O Na6 8. Be3
Qe7 9. dxe5 dxe5 10. h3 c6 11. a3 Nc5 12. Qc2 Nh5 13. Rfd1 Ne6 14. b4 f5 15. Na4
b6 16. c5 b5 17. Nb2 Nef4 18. Bf1 fxe4 19. Qxe4 Nd5 20. Rxd5 cxd5 21. Qxd5+ Be6
22. Qd6 Qxd6 23. cxd6 e4 24. Nd4 Bd7 25. a4 a6 26. axb5 axb5 27. Rb1 Rab8 28.
Nd1 Rfc8 29. Rb3 Be5 30. Nc3 Bxd6 31. Nxe4 Be7 32. Nc3 Bxb4 33. Rxb4 Rxc3 34.
Bxb5 Bxb5 35. Rxb5 Rxb5 36. Nxb5 Rb3 37. Nd4 Rb1+ 38. Kh2 Nf6 39. g3 Nd5 40. Bh6
Nc3 41. Kg2 Rb2 42. Kf3 Kf7 43. Bc1 Ra2 44. Bg5 Nd1 45. Ne2 Ra5 46. h4 Ra2 47.
Bh6 Ke7 48. Bg5+ Kd6 49. Bf4+ Kd5 50. Bh6 Kc4 51. Be3 Ra3 52. Nf4 Nxe3 53. fxe3
Kc5 54. h5 gxh5 55. Nxh5 Ra7 56. Kf4 Kd6 57. g4 Ke7 58. e4 Ra1 59. Kf5 Ra8 60.
e5 Rg8 61. Nf6 Rg7 62. g5 Rf7 63. e6 Rg7 64. Nh5 Rg8 65. Nf6 Rxg5+ 66. Kxg5 Kxe6
67. Nxh7 1/2-1/2

[Event "Superbet Rapid 2023"]
[Site "Warsaw POL"]
[Date "2023.05.23"]
[Round "7.4"]
[White "Giri, Anish"]
[Black "Rapport, Richard"]
[Result "1/2-1/2"]
[WhiteTitle "GM"]
[BlackTitle "GM"]
[WhiteElo "2768"]
[BlackElo "2745"]
[WhiteFideId "24116068"]
[BlackFideId "738590"]
[EventDate "2023.05.21"]

1. e4 e5 2. Nf3 d6 3. d4 exd4 4. Nxd4 Nf6 5. Nc3 Be7 6. Bf4 O-O 7. Qd2 d5 8.
O-O-O c6 9. exd5 Nxd5 10. Nxd5 Qxd5 11. Kb1 Bf6 12. Nb3 Be6 13. Qxd5 Bxd5 14.
Na5 b6 15. Nc4 Be6 16. Ne3 Re8 17. Bc4 Bxc4 18. Nxc4 Na6 19. Rhe1 Nb4 20. Rxe8+
Rxe8 21. Ne3 Rd8 22. Rxd8+ Bxd8 23. a3 Nd5 24. Nxd5 cxd5 25. a4 a6 26. Kc1 f5
27. Kd2 Kf7 28. Kd3 Ke6 29. c4 g5 30. Be3 Kd6 31. b4 dxc4+ 32. Kxc4 Kc6 33. b5+
axb5+ 34. axb5+ Kd6 35. f3 h5 36. h3 Ke6 37. Bf2 g4 38. fxg4 fxg4 39. hxg4 hxg4
40. Kd4 Bc7 41. Ke4 Bd8 42. Kf4 Kd5 43. Kxg4 Kc4 44. Bh4 Bc7 45. Kf5 Kxb5 46. g4
Kc6 47. g5 Kd7 48. g6 Ke8 49. Kf6 Kf8 50. Ke6 Bd6 51. Kxd6 Kg7 52. Kc6 Kxg6 53.
Kxb6 1/2-1/2

[Event "Superbet Rapid 2023"]
[Site "Warsaw POL"]
[Date "2023.05.23"]
[Round "8.1"]
[White "Rapport, Richard"]
[Black "Deac, Bogdan-Daniel"]
[Result "1/2-1/2"]
[WhiteTitle "GM"]
[BlackTitle "GM"]
[WhiteElo "2745"]
[BlackElo "2700"]
[WhiteFideId "738590"]
[BlackFideId "1226380"]
[EventDate "2023.05.21"]

1. e4 c6 2. d4 d5 3. exd5 cxd5 4. Nf3 Nc6 5. c3 Qc7 6. c4 e6 7. Nc3 Bb4 8. Bd3
dxc4 9. Bxc4 Nf6 10. O-O O-O 11. Bg5 Bxc3 12. bxc3 Ne4 13. Qd3 Nxg5 14. Nxg5 g6
15. Qh3 h5 16. Rac1 Ne7 17. Bb3 Nf5 18. Rfe1 Qf4 19. Ne4 Kg7 20. Rcd1 Rd8 21.
Nc5 b6 22. Nd3 Qg5 23. f4 Qh4 24. Qxh4 Nxh4 25. Ne5 Bb7 26. g3 Nf5 27. Kf2 b5
28. Nd3 a5 29. Nc5 Bd5 30. Bxd5 Rxd5 31. Re5 b4 32. Rxd5 exd5 33. cxb4 axb4 34.
Rd2 Ra3 35. Nb3 Nd6 36. Rb2 Ne4+ 37. Kg2 Nc3 38. Nc1 Ra4 39. Kf3 Kf6 40. h3 Ke7
41. g4 hxg4+ 42. hxg4 f6 43. f5 g5 44. Rb3 Nxa2 45. Nxa2 Rxa2 46. Rxb4 Ra3+ 47.
Kf2 Ra2+ 48. Kf3 Ra3+ 49. Kf2 Ra2+ 50. Kf3 1/2-1/2

[Event "Superbet Rapid 2023"]
[Site "Warsaw POL"]
[Date "2023.05.23"]
[Round "8.3"]
[White "Wojtaszek, Radoslaw"]
[Black "Giri, Anish"]
[Result "0-1"]
[WhiteTitle "GM"]
[BlackTitle "GM"]
[WhiteElo "2670"]
[BlackElo "2768"]
[WhiteFideId "1118358"]
[BlackFideId "24116068"]
[EventDate "2023.05.21"]

1. c4 c6 2. Nf3 d5 3. e3 Nf6 4. Qc2 g6 5. d4 Bg7 6. Be2 O-O 7. O-O Bf5 8. Qb3
Qb6 9. Nc3 dxc4 10. Bxc4 Qxb3 11. Bxb3 c5 12. dxc5 Na6 13. c6 bxc6 14. Nd4 Bd7
15. Bd2 Rab8 16. Rfc1 Rfc8 17. Bc4 Nc5 18. Nb3 Nfe4 19. Be1 Bf5 20. f3 Nxb3 21.
axb3 Nd6 22. Rxa7 Nxc4 23. bxc4 Rxb2 24. Rxe7 Bf8 25. Re5 Ra8 26. Ne4 Bxe4 27.
Rxe4 Raa2 28. Bg3 Rxg2+ 29. Kf1 Bc5 30. Re5 Bb4 31. c5 Kg7 32. Re4 Ba3 33. Rd1
Rgc2 34. Be5+ f6 35. Rd7+ Kg8 36. Bb2 Bxc5 37. Re8+ Bf8 0-1

[Event "Superbet Rapid 2023"]
[Site "Warsaw POL"]
[Date "2023.05.23"]
[Round "8.4"]
[White "So, Wesley"]
[Black "Aronian, Levon"]
[Result "1/2-1/2"]
[WhiteTitle "GM"]
[BlackTitle "GM"]
[WhiteElo "2760"]
[BlackElo "2745"]
[WhiteFideId "5202213"]
[BlackFideId "13300474"]
[EventDate "2023.05.21"]

1. d4 Nf6 2. c4 e6 3. Nc3 Bb4 4. Qc2 O-O 5. a3 Bxc3+ 6. Qxc3 b6 7. Bg5 Bb7 8. f3
h6 9. Bh4 d5 10. e3 Re8 11. cxd5 exd5 12. Bb5 c6 13. Ba4 Ne4 14. Bxd8 Nxc3 15.
bxc3 Rxd8 16. Ne2 Nd7 17. h4 Nf6 18. g4 Ne8 19. g5 Nd6 20. Kf2 hxg5 21. hxg5 g6
22. Bc2 Kg7 23. a4 Rh8 24. Nf4 c5 25. dxc5 bxc5 26. Bb3 c4 27. Bc2 Bc6 28. Ne2
Rxh1 29. Rxh1 Rh8 30. Rxh8 Kxh8 31. Nd4 Bd7 32. e4 dxe4 33. fxe4 Nb7 34. Ke3 Nc5
35. Nb5 Bxb5 36. axb5 Ne6 37. e5 Kg7 38. Ke4 Nxg5+ 39. Kd5 Nf3 40. Bd1 Nd2 41.
Be2 g5 42. Bh5 f5 43. exf6+ Kxf6 44. Bg4 Ke7 45. Bh3 Kd8 46. Kc5 Kc7 47. Be6 Nf3
48. Bxc4 g4 49. Bd5 Ng1 50. c4 Ne2 51. Be4 g3 52. Kb4 Nf4 53. c5 g2 54. Bxg2
Nxg2 55. b6+ axb6 56. cxb6+ Kxb6 1/2-1/2

[Event "Superbet Rapid 2023"]
[Site "Warsaw POL"]
[Date "2023.05.23"]
[Round "8.5"]
[White "Duda, Jan-Krzysztof"]
[Black "Vachier-Lagrave, Maxime"]
[Result "1-0"]
[WhiteTitle "GM"]
[BlackTitle "GM"]
[WhiteElo "2724"]
[BlackElo "2742"]
[WhiteFideId "1170546"]
[BlackFideId "623539"]
[EventDate "2023.05.21"]

1. d4 d5 2. c4 dxc4 3. e4 e5 4. Nf3 Bb4+ 5. Nc3 Nf6 6. Nxe5 b5 7. f3 O-O 8. a4
c5 9. Be3 cxd4 10. Qxd4 Qe7 11. axb5 Rd8 12. Qxc4 Be6 13. Qe2 Qc7 14. Nc4 Nbd7
15. Ra4 Bxc3+ 16. bxc3 Nc5 17. Rb4 Nd3+ 18. Qxd3 Rxd3 19. Bxd3 Nd7 20. Bd4 a5
21. bxa6 Rxa6 22. O-O Ra8 23. Rfb1 h6 24. Bf1 Kh7 25. Ne3 Qd6 26. Nd5 Bxd5 27.
exd5 g6 28. c4 Ra2 29. R4b2 Qf4 30. Rxa2 Qxd4+ 31. Kh1 h5 32. Raa1 h4 33. Rd1
Qf2 34. h3 1-0

[Event "Superbet Rapid 2023"]
[Site "Warsaw POL"]
[Date "2023.05.23"]
[Round "9.1"]
[White "Vachier-Lagrave, Maxime"]
[Black "Shevchenko, Kirill"]
[Result "1-0"]
[WhiteTitle "GM"]
[BlackTitle "GM"]
[WhiteElo "2742"]
[BlackElo "2684"]
[WhiteFideId "623539"]
[BlackFideId "14129574"]
[EventDate "2023.05.21"]

1. e4 c5 2. Nf3 d6 3. d4 cxd4 4. Nxd4 Nf6 5. Nc3 g6 6. Be3 Bg7 7. f3 O-O 8. Qd2
Nc6 9. O-O-O d5 10. exd5 Nxd5 11. Nxc6 bxc6 12. Bd4 e5 13. Bc5 Be6 14. Ne4 Re8
15. Bc4 Qc7 16. Bb3 Red8 17. Qf2 Nf4 18. Kb1 Bxb3 19. axb3 h6 20. g4 Ne6 21. Be3
a5 22. Rxd8+ Qxd8 23. Nc3 Nd4 24. f4 exf4 25. Qxf4 c5 26. Rd1 Qe7 27. Nd5 Qb7
28. Nf6+ Kh8 29. Bxd4 cxd4 30. g5 Qc6 31. h4 a4 32. b4 Rc8 33. Qf2 Qb5 34. Qxd4
Qc6 35. c3 Qf3 36. Qd3 Qc6 37. Qd8+ Bf8 38. Qd5 Qc7 39. Qd7 Qc4 40. Rd4 Qf1+ 41.
Ka2 1-0

[Event "Superbet Rapid 2023"]
[Site "Warsaw POL"]
[Date "2023.05.23"]
[Round "9.2"]
[White "Aronian, Levon"]
[Black "Duda, Jan-Krzysztof"]
[Result "1/2-1/2"]
[WhiteTitle "GM"]
[BlackTitle "GM"]
[WhiteElo "2745"]
[BlackElo "2724"]
[WhiteFideId "13300474"]
[BlackFideId "1170546"]
[EventDate "2023.05.21"]

1. e4 e5 2. Nf3 Nf6 3. Nxe5 d6 4. Nf3 Nxe4 5. Bd3 Nf6 6. O-O Be7 7. Re1 O-O 8.
Bf1 d5 9. d4 Nbd7 10. h3 Re8 11. c4 dxc4 12. Bxc4 Nb6 13. Bb3 c6 14. Nc3 Nbd5
15. Bc2 Bb4 16. Bd2 Rxe1+ 17. Qxe1 Bf8 18. Bg5 Be6 19. Ne4 h6 20. Bh4 g5 21. Bg3
Bf5 22. h4 Qe7 23. Nxf6+ Qxf6 24. hxg5 hxg5 25. Bb3 a5 26. Bxd5 cxd5 27. Rc1 a4
28. Rc7 b5 29. Qc1 a3 30. bxa3 Bxa3 31. Qxg5+ Qxg5 32. Nxg5 f6 33. Nf7 Bf8 34.
Bd6 Rxa2 35. Bxf8 Kxf8 36. Nd6 Bd3 37. Rf7+ Kg8 38. Rb7 Ra4 39. f3 Rxd4 40. Kf2
Bg6 41. Rxb5 Rd2+ 42. Ke1 Rxg2 43. Rxd5 Rg5 44. Rxg5 fxg5 45. Ne4 Bxe4 46. fxe4
Kf7 47. Kf2 Ke6 48. Kg3 Ke5 49. Kg4 Kxe4 50. Kxg5 1/2-1/2